Páginas de Ernesto Sabato (Record no. 136253)

MARC details
000 -LEADER
campo de control de longitud fija 00671nam a2200217 4500
001 - NÚMERO DE CONTROL
campo de control 136253
003 - IDENTIFICADOR DE NÚMERO DE CONTROL
campo de control ES-MaACL
005 - FECHA Y HORA DE LA ÚLTIMA TRANSACCIÓN
campo de control 20230906195053.0
007 - CAMPO FIJO DE DESCRIPCIÓN FÍSICA--INFORMACIÓN GENERAL
campo de control de longitud fija t|
008 - DATOS DE LONGITUD FIJA--INFORMACIÓN GENERAL
campo de control de longitud fija 070214s1983 ag r ||||1| spa d
100 1# - ENTRADA PRINCIPAL--NOMBRE DE PERSONA
Nombre de persona Sábato, Ernesto.
9 (RLIN) 101192
245 10 - MENCIÓN DEL TÍTULO
Título Páginas de Ernesto Sabato
Resto del título : seleccionadas por el autor /
Mención de responsabilidad, etc. estudio preliminar de Carlos Catania.
250 ## - MENCION DE EDICION
Mención de edición 1ª. ed.
260 ## - PUBLICACIÓN, DISTRIBUCIÓN, ETC.
Lugar de publicación, distribución, etc. Buenos Aires :
Nombre del editor, distribuidor, etc. Celtia,
Fecha de publicación, distribución, etc. 1983.
300 ## - DESCRIPCIÓN FÍSICA
Extensión 265 p. ;
Dimensiones 22 cm.
490 1# - MENCIÓN DE SERIE
Mención de serie Escritores argentinos de hoy
700 1# - ENTRADA AGREGADA--NOMBRE PERSONAL
Nombre de persona Catania, Carlos.
9 (RLIN) 37043
830 0# - PUNTO DE ACCESO ADICIONAL DE SERIE-TÍTULO UNIFORME
Título uniforme Escritores argentinos de hoy
9 (RLIN) 219990
852 ## - LOCALIZACIÓN
Ubicación ES-MaACL
Número de control de estantería L-5671
Sublocalización o colección R.106268
Holdings
Estatus retirado Estado de pérdida Estado de daño No para préstamo Biblioteca de origen Biblioteca actual Ubicación en estantería Fecha de adquisición Fuente de adquisición Total de préstamos Signatura topográfica completa Código de barras Visto por última vez Precio de reemplazo Tipo de ítem Koha
        Biblioteca del Ateneo de Madrid Biblioteca del Ateneo de Madrid Depósito 2 17/01/2008     L-5671 1141803 23/02/2023 23/02/2023 Libro impreso